Statistics for Most Populated Countries in 2100

Click here to take the quiz!

General Stats

  • This quiz has been taken 24 times
  • The average score is 43 of 50

Answer Stats

Population(In Thousands)Country% Correct
1,064,993China
100%
65,497France
100%
1,450,421India
100%
74,959Japan
100%
126,142Russia
100%
433,853United States
100%
74,937Afghanistan
95%
180,682Brazil
95%
56,953Canada
95%
362,031DR Congo
95%
224,735Egypt
95%
74,740Germany
95%
320,782Indonesia
95%
98,587Iran
95%
107,711Iraq
95%
125,423Kenya
95%
164,947Niger
95%
732,941Nigeria
95%
403,102Pakistan
95%
142,342Sudan
95%
78,053United Kingdom
95%
56,802Argentina
90%
61,849Chad
90%
79,190South Africa
90%
285,651Tanzania
90%
97,437Vietnam
90%
151,393Bangladesh
85%
294,392Ethiopia
85%
80,382Mali
85%
141,509Mexico
85%
55,298Myanmar
85%
146,327Philippines
85%
46,015Thailand
85%
86,170Turkey
85%
81,546Zambia
85%
70,704Algeria
80%
188,283Angola
80%
96,632Côte d'Ivoire
80%
79,011Ghana
80%
123,646Mozambique
80%
136,784Uganda
80%
63,515Senegal
75%
75,716Somalia
75%
53,171Yemen
70%
47,208Benin
60%
90,225Cameroon
60%
99,957Madagascar
60%
83,194Burkina Faso
55%
66,559Malawi
50%
50,904Burundi
30%

Score Distribution

Percentile by Number Answered

Percent of People with Each Score

Your Score History

You have not taken this quiz